| 000 | 00541nam a2200157Ia 4500 | ||
|---|---|---|---|
| 008 | 151213s9999 xx 000 0 und d | ||
| 100 | _aএ কে আজাদ। | ||
| 245 |
_aবিত্তলোকে বিপন্ন বিভাস। _cএ কে আজাদ। |
||
| 250 | _a১ম সং | ||
| 260 |
_aঢাকা _bকাহ- রাি এ্যান্ড পাবি কেশন। _c1994 |
||
| 300 | _a4456 p. | ||
| 650 | _aBangla | ||
| 650 | _aকবিতা | ||
| 700 | _aএ কে আজাদ। | ||
| 999 |
_c2831 _d2831 |
||